00488nam a2200193 a 4500001001300000003000900013005001700022008004100039020001000080082001800090100001600108245003200124260003300156300000900189500003500198505002400233650002100257700001600278nice12345678IN_TiNIC20260116013536.0050524s1989 dela grp 000 0 eng  ac10000a294.5922bRAG aRaghavan, V aRamayana Tradition in Asia. aDelhibSahitya Academyc1989 a727p aincludes index and biblioraphy2 aIndex, Bibliography aRamayana-History1 aRaghavan, V